Guess the celebrity by their feet. - Statistics

General Stats
  • This quiz has been taken 115 times
  • The average score is 2 of 14
Answer Stats
Picture Answer % Correct
Lebron James
52%
Margot Robbie
51%
Lionel Messi
46%
Shaquille O'Neal
42%
Meghan Markle
12%
Taylor Swift
12%
Brad Pitt
5%
Oprah Winfrey
5%
Tom Cruise
5%
Barrack Obama
4%
Jill Biden
4%
Bruce Willis
3%
Jerry Seinfeld
3%
John Lennon
2%
No matching quizzes found
Score Distribution
Percent of People with Each Score
Percentile by Number Answered
Your Score History
You have not taken this quiz